Моделирование физико-химических процессов дуговой сварки

Λεπτομέρειες βιβλιογραφικής εγγραφής
Κύριος συγγραφέας: Буки А. А. Альва Абрамович
Γλώσσα:Ρωσικά
Έκδοση: Москва, Машиностроение, 1991
Θέματα:
Μορφή: MixedMaterials Βιβλίο
KOHA link:https://koha.lib.tpu.ru/cgi-bin/koha/opac-detail.pl?biblionumber=58547

MARC

LEADER 00000nam0a2200000 4500
001 58547
005 20231101211735.0
010 |a 5217009055 
035 |a (RuTPU)RU\TPU\book\61831 
090 |a 58547 
100 |a 20031202d1991 k y0rusy50 ca 
101 0 |a rus 
102 |a RU 
105 |a a z 001zy 
200 1 |a Моделирование физико-химических процессов дуговой сварки  |f А. А. Буки 
210 |a Москва  |c Машиностроение  |d 1991 
215 |a 287 с.  |c ил. 
320 |a Библиогр.: с. 278-283 
606 1 |a Электросварка газо-дуговая  |2 stltpush  |3 (RuTPU)RU\TPU\subj\20776  |9 45856 
610 1 |a дуговая сварка 
610 1 |a моделирование 
610 1 |a физико-химические процессы 
610 1 |a гетерогенные процессы 
610 1 |a массообмен 
610 1 |a расчеты 
610 1 |a покрытые электроды 
610 1 |a уравнения 
675 |a 621.791.75  |v 3 
700 1 |a Буки  |b А. А.  |g Альва Абрамович 
801 1 |a RU  |b 63413507  |c 20031202  |g PSBO 
801 2 |a RU  |b 63413507  |c 20201027  |g PSBO 
942 |c BK